Κατάλογος Βιβλιοθηκών Mediterranean College

Μικροοικονομική / Θεωρία και Εφαρμογές (Record no. 3586)

MARC details
000 -LEADER
fixed length control field 02138cam a22001934a 4500
005 - ΗΜΕΡΟΜΗΝΙΑ ΚΑΙ ΩΡΑ ΤΕΛΕΥΤΑΙΑΣ ΕΝΗΜΕΡΩΣΗΣ
Πεδίο ελέγχου 20250605164119.0
008 - FIXED-LENGTH DATA ELEMENTS--GENERAL INFORMATION
Πεδίο ελέγχου σταθερού μήκους 250528s ||||||||||||||||||||||||d
035 ## - SYSTEM CONTROL NUMBER
System control number 18209
020 ## - ISBN
ISBN 9602550546
040 ## - ΠΗΓΗ ΚΑΤΑΛΟΓΟΓΡΑΦΗΣΗΣ
Φορέας πρωτότυπης καταλογογράφησης MC Athens Campus Library
Γλώσσα καταλογογράφησης Ελληνικά, Μοντέρνα (1453-)
Modifying agency MC Athens Campus Library
Κανόνες περιγραφικής καταλογογράφησης AACR2
245 1# - ΤΙΤΛΟΣ ΚΑΙ ΔΗΛΩΣΗ ΥΠΕΥΘΥΝΟΤΗΤΑΣ
Τίτλος Μικροοικονομική / Θεωρία και Εφαρμογές
260 ## - PUBLICATION, DISTRIBUTION, ETC.
Name of publisher, distributor, etc. Το Οικονομικο,
Date of publication, distribution, etc. 1993
300 ## - PHYSICAL DESCRIPTION
Extent 596
520 ## - SUMMARY, ETC.
Summary, etc. Πρόλογος, Αντικείμενο και Σημασία της Σύγχρονης Μικροοικονομικής, Η Θεωρία της Χρησιμότητας και η Συμπεριφορά του Καταναλωτή, Εναλλακτικές Μορφές Καμπύλων Αδιαφορίας, Προεκτάσεις και Εφαρμογές της Θεωρίας της Χρησιμότητας, Εκδηλωμένη Προτίμηση και Αριθμοδείκτες, Η Λειτουργία των Αγορών: Ζήτηση και Προσφορά, Περιπτώσεις Ασταθούς Ισορροπίας, Προεκτάσεις και Εφαρμογές της Θεωρίας της Λειτουργίας των Αγορών, Θεωρία Παραγωγής, Το Κόστος Παραγωγής, Η Συμπεριφορά της Επιχείρησης στον Πλήρη Ανταγωνισμό, Η Συμπεριφορά της Μονοπωλιακής Επιχείρησης, Η Συμπεριφορά των Επιχειρήσεων στο Μονοπωλιακό Ανταγωνισμό, Η Συμπεριφορά μιάς Επιχείρησης στο Δυοπώλιο, Η Συμπεριφορά των Ολιγοπωλιακών Επιχειρήσεων, Εναλλακτικά Τιμολογιακά Συστήματα, Διανομή του Εισοδήματος και Προσδιορισμός των Τιμών των Παραγωγικών Συντελεστών, Γενική Οικονομική Ισορροπία και Οικονομική Ευημερία.
700 1# - ΠΡΟΣΘΕΤΗ ΑΝΑΓΡΑΦΗ--ΦΥΣΙΚΟ ΠΡΟΣΩΠΟ
Personal name Κώττης Γεώργιος Χριστ
9 (RLIN) 3547
942 ## - ADDED ENTRY ELEMENTS (KOHA)
Koha item type Books
Holdings
Τύπος τεκμηρίου Βιβλιοθήκη Τρέχουσα τοποθεσία Barcode Αριθμός εισαγωγής Ημερομηνία απόκτησης Ταξιθετικό σύμβολο Αριθμός αντιτύπου Κατάσταση απόσυρσης Κατάσταση χαμένου Κατάσταση κατεστραμμένου Μη δανεισμός Σύνολο δανεισμών Ημερομηνία τελευταίας εμφάνισης Η τιμή ισχύει από
Books MC Athens Campus Library MC Athens Campus Library 9780000035851 2402 05/06/2025 338.5 KOT 1           05/06/2025 05/06/2025

MC Athens Campus Library
Πατησίων 94 & Κοδριγκτώνος 13, 104 34
Πελλήνης 8 & Πατησίων 107, 112 51
Τ: +30 210 8899600

MC Thessaloniki Campus Library
Ίωνος Δραγούμη 21, 54625 | Ίωνος Δραγούμη 15, 54625
Τ: +30 2310 287779 – Τ: +30 2314 440300